| 000 | 00582nam a2200169 i 4500 | ||
|---|---|---|---|
| 001 | 69671 | ||
| 003 | ES-MaACL | ||
| 005 | 20230906170556.0 | ||
| 007 | t| | ||
| 008 | 040708s1956 sp ||||1| spa d | ||
| 100 | 1 |
_aGarcía Galán y Carabias, Eduardo. _954636 |
|
| 245 | 1 | 3 |
_aEl arrendamiento urbano en la doctrina jurisprudencial / _cEduardo García Galán y Carabias, Federico Rodríguez Solano. |
| 260 |
_aMadrid : _b[s.n., _c1956] ( _fJulio San Martín) |
||
| 300 |
_a701 p. ; _c24 cm. |
||
| 700 | 1 |
_aRodríguez-Solano, Federico. _998828 |
|
| 852 |
_aES-MaACL _jC-11726 _bR.39697 |
||
| 999 |
_c69671 _d69671 |
||